[Event "IND-chB 45th"]
[Site "Dindigul"]
[Date "2007.06.11"]
[Round "1"]
[White "Satyanarayana, P."]
[Black "Ram, S Krishnan"]
[Result "0-1"]
[WhiteElo "2047"]
[BlackElo "2363"]
[PlyCount "52"]
[EventDate "2007.06.11"]
[EventType "swiss"]
[EventRounds "12"]
[EventCountry "IND"]
[SourceTitle "CBM 119 Extra"]
[Source "ChessBase"]
[SourceDate "2007.09.04"]
[SourceVersion "1"]
[SourceVersionDate "2007.09.04"]
[SourceQuality "1"]

1. e4 Nf6 2. e5 Nd5 3. d4 d6 4. f4 Bf5 5. Nf3 e6 6. Bd3 Bxd3 7. Qxd3 c5 8. c3 Nc6 9. a3 cxd4 10. cxd4 dxe5 11. fxe5 Be7 12. 0-0 0-0 13. Nc3 Nxc3 14. bxc3 Rc8 15. Bd2 Na5 16. Rab1 b6 17. Qe4 Qd7 18. h4 Rfd8 19. Qg4 Nc4 20. Bh6 Bf8 21. h5 Kh8 22. Bc1 h6 23. Qe4 Qd5 24. Qf4 Rd7 25. a4 Na5 26. g4 Rxc3 0-1